Humanismo y ética básica

Gespeichert in:
Bibliographische Detailangaben
1. Verfasser: Río, Ignacio Sepúlveda del (VerfasserIn)
Format: Buch
Sprache:Spanisch
Veröffentlicht: Bilbao Desclée de Brouwer 2017
Ausgabe:1a. ed
Schriftenreihe:Etica de las Profesiones
Schlagworte:
Tags: Tag hinzufügen
Keine Tags, Fügen Sie den ersten Tag hinzu!

MARC

LEADER 00000cam a2200000 a 4500
001 UCD7743
003 CL-VaPUC
008 170407e20170000sp |||||||||||||||||spa|d
020 |a 9788433028976 
082 0 4 |a 128  |b RIO  |2 21 
100 0 |a Río, Ignacio Sepúlveda del  |e author  |9 591725 
245 1 0 |a Humanismo y ética básica 
250 |a 1a. ed 
300 |a 233 p 
942 |c BK 
945 |d 20170407 16:56:00  |a dcastane 
260 |a Bilbao  |b Desclée de Brouwer  |c 2017 
650 0 |a Antropología filosófica  |9 265842 
650 0 |a Naturaleza humana   |9 308593 
650 0 |a Personalidad   |9 307255 
650 7 |a TEORIA SOCIAL  |2 CL-VaPUC  |9 393289 
583 |a last modification  |c 20170407 16:56:00  |k Rodrigo Vera 
490 0 |a Etica de las Profesiones 
999 |c 367685  |d 367683 
952 |0 0  |1 0  |3 erb  |4 0  |6 128_000000000000000_RIO_2017  |7 0  |8 A  |9 482704  |a BIBTEO  |b BIBTEO  |i 5371864  |o 128 RIO 2017  |p 5371864  |r 2025-01-17  |w 2019-11-24  |y BK  |z Catalogado en:20170407  |k ICR